| 000 | 03297njm a2200649 i 4500 | ||
|---|---|---|---|
| 001 | 196109 | ||
| 003 | ES-MaACL | ||
| 005 | 20250904042302.0 | ||
| 007 | sd*fsngnnmmned | ||
| 008 | 240209s2007 sp opn d / ger | ||
| 015 | _aSON07 | ||
| 017 |
_aM 25700-2007 _bOficina Depósito Legal Madrid |
||
| 020 | _a9788496832671 | ||
| 035 | _a(OCoLC)733194815 | ||
| 035 | _a(SpMaBN)a4580562 | ||
| 040 |
_aSpMaBN _bspa _cSpMaBN _erdc |
||
| 100 | 1 |
_aWagner, Richard, _d1813-1883 _9240522 _ecmp |
|
| 240 | 1 | 4 |
_aDer Ring des Nibelungen. _pDie Walküre |
| 245 | 1 | 4 |
_aDie Walküre / _cWagner ; libreto de Richard Wagner _h[Grabación sonora] |
| 260 |
_aMadrid : _bPrisa Innova, _cD.L. 2007 |
||
| 264 | _a©2007 | ||
| 300 |
_a3 discos (CD Audio) + _e1 libro (106 páginas) |
||
| 336 |
_2rdacontent _amúsica (interpretada) |
||
| 337 |
_2rdamedia _aaudio |
||
| 338 |
_2rdacarrier _avolumen |
||
| 490 | 1 |
_aLos clásicos de la ópera, 400 años ; _v30 |
|
| 500 | _aRemasterizado | ||
| 511 | 1 | _aMartha Mödl, Leonie Rysanek, Ferdinand Frantz, Ludwig Suthaus, Margarete Klose, Gottlob Frick, Gerda Schreyer, Judith Hellwig, Dagmar Schmedes, Ruth Siewert, Erika Köth, Hertha Töpper, Johanna Blatter, Dagmar Hermann ; Orquesta Filarmónica de Viena ; Wilhelm Furtwängler, director musical. | |
| 518 | _aGrabado en el Musikvereinsaal de Viena en septiembre y octubre de 1954 | ||
| 520 | _aEn su exilio de Zurich en 1849, Wagner comenzó el libreto de su vasta y ambiciosa obra basada en el Cantar de los nibelungos, que se estrenaría finalmente en Bayreuth en 1876. Después del prólogo que constituye El oro del Rin, con La Walkyria entramos de lleno en el terreno de las emociones humanas ―el destino trágico, el amor incestuoso que sacude los cimientos del mundo burgués―, con una intensidad dramática sin precedentes. | ||
| 650 | 7 |
_aÓperas- _9137584 _vLibretos |
|
| 655 | 7 |
_aLibretos _2 _9242219 |
|
| 700 | 1 |
_aWagner, Richard, _d1813-1883- _tDer Ring des Nibelungen- _pDie Walküre- _lEspañol-Alemán _9238297 _elbt |
|
| 700 | 1 |
_aMödl, Martha, _d1912-2001 _9238298 _eprf |
|
| 700 | 1 |
_aRysanek, Leonie, _d1926-1998 _9238299 _eprf |
|
| 700 | 1 |
_aFrantz, Ferdinand, _d1906-1959 _9238300 _eprf |
|
| 700 | 1 |
_aSuthaus, Ludwig _9237905 _eprf |
|
| 700 | 1 |
_aKlose, Margarete, _d1899-1968 _9238301 _eprf |
|
| 700 | 1 |
_aFrick, Gottlob, _d1906-1994 _9237855 _eprf |
|
| 700 | 1 |
_aSchreyer, Gerda _9238302 _eprf |
|
| 700 | 1 |
_aHellwig, Judith _eprf _9240678 |
|
| 700 | 1 |
_aSchmedes, Dagmar _eprf _9240679 |
|
| 700 | 1 |
_aSiewert, Ruth _eprf _9240680 |
|
| 700 | 1 |
_aKöth, Erika _eprf _9240681 |
|
| 700 | 1 |
_aTöpper, Hertha _eprf _9240682 |
|
| 700 | 1 |
_aBlatter, Johanna _eprf _9240683 |
|
| 700 | 1 |
_aHermann, Dagmar _eprf _9240684 |
|
| 700 | 1 |
_aFurtwängler, Wilhelm, _d1886-1954 _9237911 _emsd |
|
| 710 | 2 |
_aWiener Philharmoniker _9239273 |
|
| 852 |
_aES-MaACL _bR.155043 _cDEPOJ _jN-9825 _hDonación: Miren Fernández _xEncuadernación cartoné _pVolumen 30 _9205746 |
||
| 903 |
_aFernández, Miren _ednr |
||
| 942 |
_cMONOGRAFIA _n0 |
||
| 999 |
_c196109 _d196109 |
||